[Event "CZE-tht Extraliga 2018-19"]
[Site "Czech Republic"]
[Date "2018.12.02"]
[Round "4"]
[White "Najer, Evgeniy"]
[Black "Ragger, Markus"]
[Result "1/2-1/2"]
[WhiteElo "2670"]
[BlackElo "2687"]
[Annotator "TA"]
[PlyCount "162"]
[EventDate "2018.11.03"]
[EventType "team-tourn"]
[EventCountry "CZE"]
[SourceTitle "playchess.com"]
[Source "ChessBase"]
[SourceQuality "1"]
[WhiteTeam "Lysa nad Labem"]
[BlackTeam "Novoborsky"]

{[%evp 18,162,0,0,8,3,11,11,11,12,0,0,0,3,5,-4,-6,-1,0,0,0,-14,-14,-6,-10,-37,-21,-76,-76,-75,-76,-85,-80,-108,-125,-114,-74,-75,-73,-79,-77,-77,-79,-81,-86,-83,-77,-73,-67,-66,-64,-64,-64,-66,-66,-71,-71,-71,-71,-71,-71,-102,-102,-102,-102,-102,-92,-102,-92,-92,-92,-92,-92,-102,-102,-102,-102,-102,-102,-102,-92,-92,-77,-92,-89,-92,-92,-92,-92,-92,-92,-92,-87,-90,-76,-76,-76,-92,-83,-92,-75,-102,-102,-102,-102,-102,-102,-102,-102,-102,-102,-102,-102,-102,0,-102,-102,-102,-92,-102,-19,-19,-19,-20,-8,-8,-8,-8,-8,-8,-8,-8,-8,-8,-8,-8,-8,-8,0,0,0,-8,-8,-8,-8,-8,0]} 1. e4 e5 2. Nf3 Nc6 3. Bb5 Nf6 4. d3 Bc5 5. c3 d5 6. Nbd2 {C65: Ruy Lopez: Berlin Defence (3...Nf6), unusual lines and 4 0-0 Bc5} dxe4 7. dxe4 O-O 8. O-O a5 9. Ba4 Qe7 10. Qe2 {LiveBook: 4 Games} Bd7 $146 ({Predecessor:} 10... h6 11. Nc4 Bd7 12. Ne3 Bxe3 13. Qxe3 {0-1 (71) Kryvoruchko,Y (2695)-Bacrot,E (2678) Batumi 2018}) 11. Nc4 Nb8 12. Bc2 Bb5 13. Bd3 Nbd7 14. Ncxe5 Bxd3 15. Nxd3 Qxe4 16. Qxe4 Nxe4 17. Re1 Rfe8 18. Bf4 Bb6 19. Be3 a4 20. Bxb6 Nxb6 21. Nfe5 Nd6 22. Kf1 (22. Nf3 $11) 22... f6 $17 23. Nf3 {[#]} Ne4 $1 24. Rac1 Rad8 25. Red1 {[#]} a3 $1 {[%mdl 512]} 26. bxa3 Nd5 27. Re1 Nexc3 28. Nb4 Rxe1+ 29. Nxe1 Ra8 30. Nxd5 Nxd5 {[%mdl 4096] Endgame KRN-KRN} 31. Nc2 c6 32. Rb1 b5 33. Nd4 Rxa3 34. Nxc6 Rxa2 35. g3 Nc3 36. Rb3 Ne4 37. Rxb5 Rxf2+ 38. Kg1 Rd2 39. Rd5 {[%mdl 64] Decoy} Rxd5 40. Ne7+ Kf7 41. Nxd5 {KN-KN} Ke6 42. Ne3 Ke5 43. Kg2 f5 44. Kf3 Ng5+ 45. Ke2 Ne6 46. Nc4+ Kd5 47. Nd2 g5 48. Ke3 h6 49. Nf3 Kd6 50. Ke2 Nc7 51. Nd4 Ke5 52. Nf3+ Ke4 53. Nd2+ Kd5 54. Nf3 Ne8 55. Kd3 Nd6 56. Nd4 Ke5 57. Nf3+ Ke6 58. Kd4 Nf7 59. Ke3 Kd5 60. Ke2 Ne5 61. Nd2 Kc5 62. Nb3+ {[#]} Kc4 $1 {[%cal Rc4b3]} 63. Nd2+ Kd5 64. Kf2 Kd4 65. Ke2 Kd5 66. Kf2 $1 Ng4+ 67. Kg2 Kd4 68. h4 Kd3 (68... Ne5 $17 {Threatens to win with ...Kd3.} 69. hxg5 hxg5) 69. Nf3 $11 {The position is equal.} Ne3+ 70. Kf2 g4 71. Ne5+ Kd4 72. Nf7 $1 h5 {aiming for ...f4!} 73. Nd6 Ke5 74. Ne8 $1 Nd5 75. Ng7 f4 76. gxf4+ Nxf4 {Threatening ...Kf6.} 77. Kg3 Ne2+ 78. Kf2 Nf4 {With the idea ...Kf6.} 79. Kg3 Kf6 {[#]} 80. Nxh5+ $1 {[%mdl 576] Remove Defender} Nxh5+ 81. Kxg4 Ke5 {Accuracy: White = 81%, Black = 65%.} 1/2-1/2

[Event "CZE-tht Extraliga 2018-19"]
[Site "Czech Republic"]
[Date "2018.12.02"]
[Round "4"]
[White "Ponomariov, Ruslan"]
[Black "Vitiugov, Nikita"]
[Result "1-0"]
[WhiteElo "2663"]
[BlackElo "2719"]
[Annotator "TA"]
[PlyCount "89"]
[EventDate "2018.11.03"]
[EventType "team-tourn"]
[EventCountry "CZE"]
[SourceTitle "playchess.com"]
[Source "ChessBase"]
[SourceQuality "1"]
[WhiteTeam "Lysa nad Labem"]
[BlackTeam "Novoborsky"]

{[%evp 9,89,17,38,10,12,10,9,9,16,17,16,11,16,16,14,5,8,0,29,18,25,38,77,75,72,70,59,76,111,104,110,70,106,60,75,73,72,77,75,64,59,62,166,166,166,166,141,166,193,186,194,183,174,162,242,232,214,241,212,199,240,237,217,235,372,404,366,350,414,426,590,562,531,506,610,606,603,596,575,587,561,554]} 1. d4 d5 2. c4 c6 3. Nf3 Nf6 4. e3 Bg4 5. h3 Bf5 {LiveBook: 21 Games} (5... Bxf3 6. Qxf3 e6 7. Nc3 Bb4 8. Bd3 O-O 9. O-O Nbd7 10. Qd1 Qe7 11. Qb3 Rab8 12. c5 Ba5 13. Qa4 Bc7 14. f4 a5 15. a3 {1-0 (65) Vidit,S (2718)-Shankland,S (2727) Danzhou 2018}) 6. cxd5 {D11: Slav Defence: 3 Nf3 sidelines and 3...Nf6 4 e3 Bg4} cxd5 7. Qb3 Qc7 8. Bd2 $146 {The position is equal.} ({Predecessor:} 8. Nc3 e6 9. g4 Bg6 10. Ne5 Nc6 11. Qa4 Nd7 12. Nxg6 hxg6 13. Bd2 {½-½ (34) Houska,J (2401)-Ziaziulkina,N (2407) Tromsoe 2014}) 8... Nc6 9. Bb5 e6 10. O-O Bd6 11. Bb4 O-O 12. Bxc6 bxc6 13. Nbd2 Bxb4 14. Qxb4 Rab8 15. Qa3 Qb6 16. b3 Nd7 17. Rfc1 Rfc8 18. Rc3 Qb4 19. Qxb4 Rxb4 20. a3 Rb6 21. b4 a5 $1 22. bxa5 Rb5 23. Rac1 $36 {[%mdl 2048] Black is under strong pressure.} Rxa5 24. Rxc6 Rxc6 25. Rxc6 Rxa3 ({Black should try} 25... Kf8 $1 $14) 26. g4 $18 Bd3 27. Ne5 Nf8 {[#]} 28. Rc8 $1 {Black must now prevent Nd7.} Bb5 29. Rb8 f6 30. Rxb5 {aiming for Nc6.} fxe5 31. dxe5 {[%mdl 4096] Endgame KRN-KRN} Ng6 (31... h6 $142 32. Nf3 Ra6) 32. Rb8+ Kf7 33. Rb7+ Kg8 34. Nf3 h6 35. Kg2 Ra4 36. Nd4 Ra6 (36... Nxe5 $142 37. Nxe6 g5) 37. f4 Nh4+ 38. Kf1 g6 39. Rc7 Ra3 {White is clearly winning.} 40. Kf2 Ra2+ 41. Rc2 ({Not} 41. Kg3 g5 $16) 41... Ra6 42. Kg3 g5 43. f5 Ra3 44. Kf2 exf5 45. gxf5 {Accuracy: White = 77%, Black = 54%.} 1-0

[Event "CZE-tht Extraliga 2018-19"]
[Site "Czech Republic"]
[Date "2018.12.02"]
[Round "4"]
[White "Ponomariov, Ruslan"]
[Black "Vitiugov, Nikita"]
[Result "*"]
[WhiteElo "2663"]
[BlackElo "2719"]
[Annotator "TA"]
[PlyCount "29"]
[EventDate "2018.11.03"]
[EventType "team-tourn"]
[EventCountry "CZE"]
[SourceTitle "playchess.com"]
[Source "ChessBase"]
[SourceQuality "1"]
[WhiteTeam "Lysa nad Labem"]
[BlackTeam "Novoborsky"]

{[%evp 9,9,25]} 1. d4 d5 2. c4 c6 3. Nf3 Nf6 4. e3 Bg4 5. h3 {Predecessor:} Bxf3 $146 6. Qxf3 e6 7. Nc3 Bb4 8. Bd3 O-O 9. O-O Nbd7 10. Qd1 Qe7 11. Qb3 Rab8 12. c5 Ba5 13. Qa4 Bc7 14. f4 a5 15. a3 {1-0 (65) Vidit,S (2718)-Shankland,S (2727) Danzhou 2018} *

[Event "CZE-tht Extraliga 2018-19"]
[Site "Czech Republic"]
[Date "2018.12.02"]
[Round "4"]
[White "Rausis, Igors"]
[Black "Stocek, Jiri"]
[Result "1/2-1/2"]
[WhiteElo "2655"]
[BlackElo "2576"]
[Annotator "TA"]
[PlyCount "44"]
[EventDate "2018.11.03"]
[EventType "team-tourn"]
[EventCountry "CZE"]
[SourceTitle "playchess.com"]
[Source "ChessBase"]
[SourceQuality "1"]
[WhiteTeam "Beskydska"]
[BlackTeam "Pardubice"]

{[%evp 26,27,55,37]} 1. Nf3 Nf6 2. c4 b6 3. g3 c5 4. Bg2 Bb7 5. O-O e6 6. Nc3 Be7 7. Re1 a6 8. e4 d6 9. d4 cxd4 10. Nxd4 Qc7 11. b3 O-O 12. Bb2 Nbd7 13. Rc1 Rac8 14. Rc2 {[#] LiveBook: 4 Games. A30: Symmetrical English: Double Fianchetto and Hedgehog} (14. Qe2 Rfe8 15. h3 Bf8 16. g4 g6 17. f4 Qb8 18. Qf2 e5 19. Nde2 d5 20. fxe5 Bc5 21. Nd4 Nxe5 22. Na4 Nxe4 23. Rxe4 dxe4 24. Nxc5 bxc5 25. Ne2 Nf3+ 26. Bxf3 exf3 27. Ng3 Rcd8 28. Bc3 Rd3 {0-1 (28) Radjabov,T (2788)-Carlsen,M (2837) Astana 2012}) {Predecessor:} 14... Rfe8 $146 15. Rd2 Qb8 16. f4 Bf8 17. Bf3 Nc5 18. e5 dxe5 19. fxe5 Nfd7 20. Bxb7 Nxb7 21. Nxe6 Nxe5 22. Nxf8 Kxf8 {1-0 (34) Azmaiparashvili,Z (2610)-Lerner,K (2560) Lvov 1990} 1/2-1/2

[Event "CZE-tht Extraliga 2018-19"]
[Site "Czech Republic"]
[Date "2018.12.02"]
[Round "4"]
[White "Movsesian, Sergei"]
[Black "Korobov, Anton"]
[Result "1/2-1/2"]
[WhiteElo "2630"]
[BlackElo "2698"]
[Annotator "TA"]
[PlyCount "76"]
[EventDate "2018.11.03"]
[EventType "team-tourn"]
[EventCountry "CZE"]
[SourceTitle "playchess.com"]
[Source "ChessBase"]
[SourceQuality "1"]
[WhiteTeam "Pardubice"]
[BlackTeam "Beskydska"]

{[%evp 18,76,6,0,0,0,0,0,6,0,0,0,0,0,11,-19,-13,-13,-6,-10,-9,-31,-27,-35,-32,-33,-38,-30,-31,-33,-32,-22,-23,-37,-32,-40,-25,-27,-42,-44,-31,-77,-14,-17,-16,-23,-14,-14,0,0,0,0,0,0,0,0,0,0,0,0,0]} 1. e4 c5 2. Nc3 d6 3. Nge2 Nf6 4. g3 g6 5. Bg2 Nc6 6. d3 Bg7 7. O-O O-O 8. Bg5 Rb8 {B25: Closed Sicilian: 3 g3, lines without early Be3} 9. Qd2 (9. Nd5 Re8 10. a4 e6 11. Nxf6+ Bxf6 12. Bxf6 Qxf6 13. c3 d5 14. f4 dxe4 15. dxe4 e5 16. f5 {0-1 (41) Aronian,L (2764)-Vachier Lagrave,M (2789) Leuven 2018}) 9... b5 10. Bh6 {LiveBook: 4 Games} Nd4 $146 ({Predecessor:} 10... b4 11. Nd5 e6 12. Bxg7 Kxg7 13. Ne3 d5 14. exd5 exd5 15. d4 Ba6 16. dxc5 Qe7 17. Nd4 Qxc5 18. Nef5+ Kh8 19. Qh6 Nh5 20. Nf3 f6 21. Rfe1 Rg8 22. N5h4 d4 23. g4 {1-0 (23) Movsesian,S (2635)-Deepan Chakkravarthy,J (2519) Pardubice 2018}) 11. Bxg7 Kxg7 12. Nxd4 cxd4 13. Ne2 e5 14. h3 b4 15. f4 Nd7 16. g4 Qh4 17. a3 bxa3 18. b3 h5 19. g5 f6 20. gxf6+ Nxf6 21. Qe1 Qxe1 22. Rfxe1 Rf7 23. Rxa3 Rc7 24. Rc1 a6 25. fxe5 dxe5 26. c3 dxc3 27. Rxc3 Rxc3 28. Nxc3 h4 29. Ne2 Nh5 (29... Rb4 $17) 30. d4 $11 exd4 31. Nxd4 Nf4 32. Nf3 {The position is equal.} Nxg2 33. Kxg2 {[%mdl 4096] Endgame KRB-KRN} Rb4 34. Kf2 Rxe4 {Hoping for ...Rf4.} 35. Ra4 Rxa4 36. bxa4 Bxh3 {[#] White must now prevent ...Bd7.} 37. Nxh4 a5 {Threatens to win with ...Be6.} 38. Nxg6 Kxg6 {Accuracy: White = 65%, Black = 65%.} 1/2-1/2

[Event "CZE-tht Extraliga 2018-19"]
[Site "Czech Republic"]
[Date "2018.12.02"]
[Round "4"]
[White "Movsesian, Sergei"]
[Black "Korobov, Anton"]
[Result "*"]
[WhiteElo "2630"]
[BlackElo "2698"]
[Annotator "TA"]
[PlyCount "29"]
[EventDate "2018.11.03"]
[EventType "team-tourn"]
[EventCountry "CZE"]
[SourceTitle "playchess.com"]
[Source "ChessBase"]
[SourceQuality "1"]
[WhiteTeam "Pardubice"]
[BlackTeam "Beskydska"]

{[%evp 9,10,8,20]} 1. e4 c5 2. Nc3 d6 3. Nge2 Nf6 4. g3 g6 5. Bg2 Nc6 {LiveBook: 221 Games} {Predecessor:} 6. O-O $146 Bg7 7. d3 h5 8. h3 Bd7 9. Nd5 Nxd5 10. exd5 Nd4 11. c3 Nxe2+ 12. Qxe2 O-O 13. Bg5 Re8 14. Qd2 Qc8 15. Kh2 {1-0 (39) Aronian,L (2764)-Grischuk,A (2766) Paris 2018} *

[Event "CZE-tht Extraliga 2018-19"]
[Site "Czech Republic"]
[Date "2018.12.02"]
[Round "4"]
[White "Miton, Kamil"]
[Black "Huschenbeth, Niclas"]
[Result "1-0"]
[WhiteElo "2588"]
[BlackElo "2591"]
[Annotator "TA"]
[PlyCount "109"]
[EventDate "2018.11.03"]
[EventType "team-tourn"]
[EventCountry "CZE"]
[SourceTitle "playchess.com"]
[Source "ChessBase"]
[SourceQuality "1"]
[WhiteTeam "Ostrava"]
[BlackTeam "Duras"]

{[%evp 14,109,-8,-19,91,78,116,109,107,113,116,121,113,103,119,110,100,100,114,110,116,112,129,118,120,111,118,116,122,123,120,122,116,92,103,103,104,93,111,113,108,110,116,117,142,139,135,104,106,103,148,157,142,141,152,156,158,148,168,164,162,153,158,134,148,145,131,0,174,140,181,163,279,287,273,276,338,379,543,720,721,726,716,725,687,647,686,672,872,868,982,901,914,906,1072,954,948,861]} 1. d4 Nf6 2. c4 e6 3. Nc3 Bb4 4. e3 b6 5. Bd2 Bb7 6. Nf3 O-O 7. Be2 d5 8. O-O {LiveBook: 20 Games} Nbd7 {E51: Nimzo-Indian: Rubinstein: 4...0-0 5 Nf3 d5} (8... Bd6 $11) (8... dxc4 9. Bxc4 Nbd7 10. Qe2 c5 11. Rfd1 cxd4 12. Nxd4 Ne5 13. Ba6 Qc8 14. Bxb7 Qxb7 15. Ne4 Be7 16. Nxf6+ Bxf6 17. Rac1 Rfd8 18. b4 b5 19. Be1 {½-½ (31) Sokolov,I (2626)-Sargissian,G (2693) Dubai 2016}) 9. Nxd5 $1 $16 Bxd2 10. Nxf6+ Qxf6 $146 {White is better.} ({Predecessor:} 10... Nxf6 11. Qxd2 Qd6 12. Rfd1 Rad8 13. b4 Ne4 14. Qb2 Rfe8 15. a4 Qe7 16. a5 {1-0 (31) Schulle,J (1205)-Tosney,P (1339) IECC email 2002}) 11. Nxd2 c5 12. Bf3 Bxf3 13. Qxf3 Rfd8 14. Qxf6 Nxf6 15. Nf3 Ne4 16. Rfd1 Kf8 17. Kf1 Ke7 18. Ke2 Rac8 19. Rac1 f6 20. Nd2 Nd6 21. dxc5 Rxc5 22. Nb3 Rh5 23. h3 Rc8 24. Rd4 Rc7 25. Nd2 Ra5 26. a3 {[%cal Ba2a3,Ba3a4][%mdl 32]} h5 27. g3 Nf5 28. Rd3 Rac5 29. b4 R5c6 30. Rdc3 Nd6 31. a4 a5 32. bxa5 bxa5 33. c5 Nb7 {[%cal Rc6c5] [#]} 34. Nb3 $1 e5 35. f4 Ke6 36. Kf3 Rc8 37. g4 hxg4+ 38. hxg4 g6 39. Ke4 Nd6+ 40. Kf3 Nb7 41. Rh1 R6c7 {[#]} 42. e4 $1 Nxc5 (42... Nd8 $142 43. f5+ gxf5) 43. f5+ $18 ({Weaker is} 43. Nxa5 exf4 44. Rhc1 Kd7 $11) 43... gxf5 44. gxf5+ Kd6 45. Nxa5 Ne6 {[#]} (45... Ke7 {is a better defense.} 46. Rh7+ Ke8 47. Rxc7 Rxc7) 46. Nb7+ $1 {[%mdl 576] Deflection. White is clearly winning.} Rxb7 47. Rxc8 {[%mdl 4096] Endgame KRR-KRN} Nd4+ 48. Kg4 Rg7+ 49. Kh3 Ra7 50. Ra1 Ra5 51. Kg4 Nb3 52. Ra2 Kd7 53. Rb8 Nc5 54. Rb4 Ke7 55. Rc4 {Accuracy: White = 91%, Black = 39%.} 1-0

[Event "CZE-tht Extraliga 2018-19"]
[Site "Czech Republic"]
[Date "2018.12.02"]
[Round "4"]
[White "Hracek, Zbynek"]
[Black "Zwardon, Vojtech"]
[Result "1-0"]
[WhiteElo "2568"]
[BlackElo "2462"]
[Annotator "TA"]
[PlyCount "71"]
[EventDate "2018.11.03"]
[EventType "team-tourn"]
[EventCountry "CZE"]
[SourceTitle "playchess.com"]
[Source "ChessBase"]
[SourceQuality "1"]
[WhiteTeam "Pardubice"]
[BlackTeam "Beskydska"]

{[%evp 26,71,37,36,94,97,94,95,111,99,116,85,111,116,187,154,185,150,310,298,369,378,421,473,525,512,762,744,673,764,777,710,715,701,653,582,801,597,834,578,508,476,736,736,636,556,808,808]} 1. e4 c5 2. Nf3 Nc6 3. d4 cxd4 4. Nxd4 e5 5. Nb5 a6 6. Nd6+ Bxd6 7. Qxd6 Qe7 8. Qd1 Nf6 9. Nc3 d6 10. Bg5 {B32: Sicilian: Löwenthal and Kalashnikov Variations} Be6 11. Nd5 Bxd5 12. exd5 Nb8 13. a4 (13. Qf3 Nbd7 14. O-O-O h6 15. Be3 h5 16. h3 O-O-O 17. Ba7 Nc5 {1-0 (80) Yu,Y (2759)-Li,C (2725) Ningbo 2018}) 13... h6 14. Be3 {LiveBook: 4 Games} a5 {[#]} (14... Nbd7 $14) 15. Bb5+ $1 $16 Nbd7 {[#]} 16. Qf3 $146 ({Predecessor:} 16. g4 h5 17. g5 Ng4 {1-0 (37) Lomasov,S (2559)-Hasangatin,R (2502) Sochi 2018}) 16... O-O 17. O-O-O Rac8 18. Rhe1 Qd8 19. Kb1 Kh8 (19... Nb6 $16) 20. g4 $18 {[%cal Bg2g4,Bg4g5][%mdl 32]} Nh7 21. h4 Nc5 $2 {[#]} (21... f5 $16 {was worth a try.}) 22. g5 $1 {[%mdl 512]} g6 (22... hxg5 23. hxg5) 23. Qg2 h5 24. f4 {White is clearly winning.} f6 25. gxf6 Qxf6 26. fxe5 dxe5 27. d6 {[%cal Bd5d6,Bd6d7][%mdl 32]} b6 28. Qd5 Rcd8 29. Bxc5 bxc5 30. Qxe5 Kg7 31. d7 Kh6 32. Qxf6 Nxf6 33. Rd6 c4 (33... Nxd7 $142 34. Ree6 Kh7 35. Rxd7+ Rxd7) 34. Ree6 Kg7 35. Re7+ Kh6 36. Bxc4 {Accuracy: White = 88%, Black = 20%.} 1-0

[Event "CZE-tht Extraliga 2018-19"]
[Site "Czech Republic"]
[Date "2018.12.02"]
[Round "4"]
[White "Krejci, Jan"]
[Black "Kislinsky, Alexey"]
[Result "1/2-1/2"]
[WhiteElo "2562"]
[BlackElo "2425"]
[Annotator "RC"]
[PlyCount "55"]
[EventDate "2018.11.03"]
[EventType "team-tourn"]
[EventCountry "CZE"]
[SourceTitle "playchess.com"]
[Source "ChessBase"]
[SourceQuality "1"]
[WhiteTeam "Novoborsky"]
[BlackTeam "Lysa nad Labem"]
[TimeControl "40/5400+30:1800+30"]

1. Nf3 {[%emt 0:00:00]} c5 {[%emt 0:00:00]} 2. e4 {[%emt 0:00:25]} Nc6 {[%emt 0:00:02]} 3. Bb5 {[%emt 0:00:34]} Nf6 {[%emt 0:00:32]} 4. Nc3 {[%emt 0:03:37]} g6 {[%emt 0:00:21]} 5. O-O {[%emt 0:02:27]} Bg7 {[%emt 0:01:15]} 6. Re1 {[%emt 0:03:48]} O-O {[%emt 0:00:47]} 7. e5 {[%emt 0:02:14]} Ng4 {[%emt 0:02:07]} 8. Bxc6 {[%emt 0:00:20]} dxc6 {[%emt 0:08:30]} 9. d3 {[%emt 0:00:41]} Nh6 {[%emt 0:00:35]} 10. Ne4 {[%emt 0:04:56]} b6 {[%emt 0:02:39]} 11. Bxh6 {[%emt 0:01:49]} Bxh6 {[%emt 0:00:11]} 12. a4 {[%emt 0:01:05]} a5 {[%emt 0:01:38]} 13. h3 {[%emt 0:01:40]} Ra7 {[%emt 0:02:32]} 14. Qe2 {[%emt 0:01:11]} Bg7 {[%emt 0:08:17]} 15. Rad1 {[%emt 0:01:10]} Qc7 {[%emt 0:02:15]} 16. Ned2 {[%emt 0:02:53]} h6 {[%emt 0:02:27]} 17. b3 {[%emt 0:06:30]} Rd8 {[%emt 0:01:07]} 18. Qe3 {[%emt 0:04:50]} Bf5 {[%emt 0:04:48]} 19. Qf4 {[%emt 0:04:00]} Qb8 {[%emt 0:02:05]} 20. d4 {[%emt 0:10:10]} Bxc2 {[%emt 0:16:48]} 21. Rc1 {[%emt 0:00:04]} Bf5 {[%emt 0:06:20]} 22. dxc5 {[%emt 0:00:07]} Rad7 {[%emt 0:00:50]} 23. Nc4 {[%emt 0:15:42]} bxc5 {[%emt 0:00:26]} 24. Nxa5 {[%emt 0:00:06]} Qb6 {[%emt 0:00:35]} 25. b4 {[%emt 0:00:15]} Qxb4 {[%emt 0:06:24]} 26. Qxb4 {[%emt 0:01:15]} cxb4 {[%emt 0:00:06]} 27. Nxc6 {[%emt 0:00:40]} Ra8 {[%emt 0:01:11]} 28. Nxb4 {[%emt 0:04:02]} 1/2-1/2

[Event "CZE-tht Extraliga 2018-19"]
[Site "Czech Republic"]
[Date "2018.12.02"]
[Round "4"]
[White "Michalik, Peter"]
[Black "Vavra, Pavel"]
[Result "1-0"]
[WhiteElo "2555"]
[BlackElo "2350"]
[Annotator "TA"]
[PlyCount "55"]
[EventDate "2018.11.03"]
[EventType "team-tourn"]
[EventCountry "CZE"]
[SourceTitle "playchess.com"]
[Source "ChessBase"]
[SourceQuality "1"]
[WhiteTeam "Siesta Solution Unichess A"]
[BlackTeam "Siesta Solution Unichess B"]

{[%evp 18,54,41,0,10,0,21,17,40,0,0,-55,0,10,14,24,19,7,38,17,22,10,37,24,28,16,93,115,253,265,435,443,516,197,29996,29997,29997,29998,29999]} 1. d4 e6 2. c4 d5 3. Nf3 {[%cal Bg1f3,Bf3d4,Bd4c2][%mdl 32]} c6 4. e3 Nf6 5. b3 c5 6. cxd5 {D30: Queen's Gambit Declined: Systems without Nc3} Nxd5 7. Bb2 cxd4 8. Nxd4 Bb4+ 9. Nd2 O-O 10. Rc1 {LiveBook: 4 Games} Qe7 $146 ({Predecessor:} 10... Qh4 11. g3 Qe4 12. Qf3 Qg6 13. a3 Bxd2+ 14. Kxd2 Nd7 15. Qg2 b6 16. Bd3 Qh6 17. g4 {½-½ (17) Giri,A (2722)-Dreev,A (2711) Rogaska Slatina 2011}) 11. Bc4 Nf6 12. Nc2 Bd6 13. g4 Rd8 14. g5 (14. O-O $11) 14... Ne8 (14... Ne4 $1 $15 15. Nxe4 Bb4+ {[%mdl 64] Discovered Attack} 16. Nxb4 Rxd1+ 17. Rxd1 Qxb4+ 18. Bc3 Qe7) 15. Qh5 $11 Nc6 16. Ne4 {next Nf6+ is good for White.} Be5 17. Ba3 Qc7 18. f4 b5 19. Be2 (19. Bxb5 $2 Qa5+ 20. Kf2 Qxb5 $19) 19... Bb7 {[#] Threatens to win with ...Nd4.} 20. O-O Bd6 21. Bb2 Bf8 (21... Ne7 $11 {keeps the balance.} 22. Nd4 (22. Nxd6 Nxd6 23. Nd4 Qa5 $11) 22... Qb6) 22. Qh3 Qb6 (22... Rd5 $16 23. Bf3 Qa5) 23. f5 $18 {Black must now prevent g6.} ({Much less strong is} 23. g6 hxg6 24. Ng5 Bc5 $18) 23... exf5 $2 (23... Ne7 {was called for.}) 24. Qxf5 {[%mdl 64] Double Attack} Qc7 25. Bxb5 $2 $40 {[%mdl 128] Black is in trouble.} (25. Bh5 {[%cal Rh5f7]} Rd7 26. g6) 25... Nd6 $2 {[#]} (25... Qd7 $18) 26. Nf6+ $1 {[%mdl 576] Back Rank. White mates.} gxf6 27. Qxf6 {[%csl Gb2][%cal Rf6h8]} Bg7 28. Qxg7# {Accuracy: White = 47%, Black = 24%.} 1-0

[Event "CZE-tht Extraliga 2018-19"]
[Site "Czech Republic"]
[Date "2018.12.02"]
[Round "4"]
[White "Markowski, Tomasz"]
[Black "Heberla, Bartlomiej"]
[Result "1/2-1/2"]
[WhiteElo "2546"]
[BlackElo "2550"]
[Annotator "TA"]
[PlyCount "75"]
[EventDate "2018.11.03"]
[EventType "team-tourn"]
[EventCountry "CZE"]
[SourceTitle "playchess.com"]
[Source "ChessBase"]
[SourceQuality "1"]
[WhiteTeam "Poruba"]
[BlackTeam "Brno"]

{[%evp 19,75,0,5,5,0,6,34,0,0,0,0,-13,25,38,34,0,0,-33,-16,-16,-40,-68,16,10,51,59,53,47,59,56,56,48,66,41,29,26,39,38,60,0,0,0,0,0,0,0,0,0,4,4,3,0,2,6,2,2,3,3]} 1. c4 e5 2. g3 Nf6 3. Bg2 d5 4. cxd5 Nxd5 5. Nc3 Nb6 6. d3 Be7 7. Be3 O-O 8. Rc1 Re8 9. Nf3 Nc6 10. O-O Bg4 {LiveBook: 19 Games} 11. h3 {A29: English Opening: Four Knights Variation with 4 g3} (11. Ne4 Nd4 12. Ned2 Nxf3+ 13. Nxf3 Bf8 14. h3 Bh5 15. Qb3 c6 16. Rfd1 Qd5 17. Rc3 Qa5 18. Rcc1 e4 19. dxe4 Rxe4 {0-1 (70) Artemiev,V (2524)-Vitiugov,N (2734) Ekaterinburg 2013}) 11... Bh5 12. Re1 Bf8 13. Nd2 $146 {White is slightly better.} ({Predecessor:} 13. Ne4 Nd5 14. Bc5 Bd6 15. Qb3 Nb6 16. Be3 Bf8 17. Nc5 Bxc5 18. Rxc5 a5 {½-½ (32) Engel,L (2362)-Riess,A (2224) Stroebeck 2017}) 13... Rb8 14. Nb3 Nd4 15. a4 {[%cal Ba2a4,Ba4a5][%mdl 32]} Bb4 16. a5 Nc8 17. Ra1 c5 18. g4 Bg6 19. Rf1 Ne7 20. Ne4 b6 (20... Bxe4 $15 21. Bxe4 Ng6) 21. axb6 $11 axb6 22. Nxd4 cxd4 23. Bg5 h6 24. Bh4 Qd7 25. Qb3 Bc5 26. Ra6 h5 27. Nxc5 bxc5 28. Qc4 {[#] aiming for Bxe7.} Qb5 29. Rc1 (29. b3 $14) 29... Qxc4 {The position is equal.} 30. Rxc4 hxg4 31. hxg4 Rxb2 32. Bf3 Rb5 33. Ra7 Nc8 $132 {[%mdl 2048] Black puts up resistance} 34. Rc7 {Black must now prevent Bc6.} Nd6 35. R4xc5 Rxc5 36. Rxc5 e4 37. dxe4 Nxe4 38. Rd5 {Accuracy: White = 60%, Black = 64%.} 1/2-1/2